| 000 | 00941nam a22002177a 4500 | ||
|---|---|---|---|
| 003 | OSt | ||
| 005 | 20250924191704.0 | ||
| 008 | 240830b ||||| |||| 00| 0 eng d | ||
| 040 | _c0 | ||
| 082 | _aDPer 647.94068 In821 January-December 2019 v. 20 n. 1-4 | ||
| 100 |
_aRahman, Imran. _eauthor. _959593 |
||
| 245 |
_aThe influence of values and attitudes on green consumer behavior : _ba conceptual model of green hotel patronage / _cImran Rahman, and Dennis Reynolds. |
||
| 260 |
_aUnited Kingdom ; _bTaylor & Francis Group , _cJanuary-March 2019. |
||
| 300 |
_aVolume 20, pages 47-74 : _billustration ; _c25 cm. |
||
| 500 | _aInternational Journal of Hospitality & Tourism Administration, vol. 20, no. 1, pages 47-74, January-March 2019. | ||
| 650 | 0 |
_aConsumer behavior. _923577 |
|
| 650 | 0 |
_aEnvironmental _2concerns. _916129 |
|
| 700 |
_aRahman, Imran. _eauthor. _959593 |
||
| 700 |
_aReynolds, Dennis. _eauthor. _959594 |
||
| 942 |
_2ddc _cPER |
||
| 999 |
_c21115 _d21115 |
||